000 00453nam a2200193Ia 4500
005 20230708105807.0
008 131103s9999 xx 000 0 und d
020 _a330487388
040 _aLoreto College
041 _aEnglish
082 _aF
_bFOL
100 _aFollet, Ken
245 _aJackdaws
_cKen Follett
260 _aLondon
_bPan Books
_c2001
300 _a595p, 17.5 cm.
650 _aFiction-Thriller
850 _aLCLIB
942 _cBK
999 _c2226
_d52705